• 首页
  • 本馆介绍
  • 公告通知
  • 最新文献
  • 馆藏检索
  • 电子资源
  • 读者导购
  • 参考咨询
  • 我的图书馆
  • 登录
  • 详细信息显示
  • 放入我的书架
  • 预约/预借图书
  • 作者相关作品
  • 分类相关作品
  • 丛书相关作品
  • 出版社相关作品

书目信息

  • 表格格式
  • 工作单格式
  • 卡片格式
题名:
刀功蔬菜篇
    
 
作者: 李吉川 著
分册:  
出版信息: 北京   中国轻工业出版社  2005.01
页数: 60页
开本: 24cm
丛书名:
单 册:
中图分类: TS972.114 , TS972.111-64
科图分类:
主题词: 菜谱--装饰雕塑--中国--图集 , 菜谱 , 装饰雕塑 , 蔬菜--原料--加工--中国--图集 , 原料 , 蔬菜
电子资源:
ISBN: 7-5019-4703-1
000 00907nam0 2200313 450
001 002823436
005 20110411102528.06
010    @a7-5019-4703-1@dCNY16.80
100    @a20100913d2005 em y0chiy0110 ea
101 0  @achi
102    @aCN@b110000
105    @aa z 000yy
200 1  @a刀功蔬菜篇@Adao gong shu cai pian@f李吉川著
210    @a北京@c中国轻工业出版社@d2005.01
215    @a60页@c图@d24cm
300    @a创意切雕大师
330    @a本书介绍64种食材的相关刀法,常见菜品的刀法秘诀,正确的操刀姿势与刀法,切、剁、砍、直刀、斜刀、横刀等内容。
606 0  @a菜谱@x装饰雕塑@y中国@j图集
606 0  @a菜谱
606 0  @a装饰雕塑
606 0  @a蔬菜@x原料@x加工@y中国@j图集
606 0  @a原料
606 0  @a蔬菜
690    @aTS972.114@v5
690    @aTS972.111-64@v5
701  0 @a李吉川@Ali ji chuan@4著
801 0  @c20110411
905    @aBZT@dTS972.114@e16
906    @dCNY16.80@n0@r1
    
    刀功蔬菜篇/李吉川著.-北京:中国轻工业出版社,2005.01
    60页:图;24cm
    创意切雕大师
    
    ISBN 7-5019-4703-1:CNY16.80
    本书介绍64种食材的相关刀法,常见菜品的刀法秘诀,正确的操刀姿势与刀法,切、剁、砍、直刀、斜刀、横刀等内容。
●
相关链接 在五车中查询图书 在当当中查询图书 在豆瓣中查询图书


正题名:刀功蔬菜篇     索取号:TS972.114/16         预约/预借

序号 登录号 条形码 馆藏地/架位号 状态 备注
1 769078   2000769078   中心书库中库/ 中库024架A面2列6层87/ [索取号:TS972.114/16] 在馆    
2 769079   2000769079   中心书库中库/ 中库024架A面2列6层80/ [索取号:TS972.114/16] 在馆    
3 769080   2000769080   中心书库中库/ 中库024架A面2列6层120/ [索取号:TS972.114/16] 在馆    
4 769081   2000769081   中心书库中库/ 中库024架A面2列6层99/ [索取号:TS972.114/16] 在馆    
5 769082   2000769082   中心书库中库/ 中库024架A面2列6层81/ [索取号:TS972.114/16] 在馆    
6 769083   2000769083   中心书库中库/ 中库024架A面2列6层103/ [索取号:TS972.114/16] 在馆    
7 769084   2000769084   中心书库中库/ 中库024架A面2列6层109/ [索取号:TS972.114/16] 在馆    
8 769085   2000769085   中心书库中库/ 中库024架A面2列6层84/ [索取号:TS972.114/16] 在馆    
9 769086   2000769086   中心书库中库/ 中库024架A面2列6层79/ [索取号:TS972.114/16] 在馆    
10 769087   2000769087   中心书库中库/ 中库024架A面2列6层78/ [索取号:TS972.114/16] 在馆    
山东省滨州职业学院图书馆 欢迎您!
大连网信软件有限公司© 版权所有